000 00472nam a2200193Ia 4500
005 20250423100527.0
008 250422s9999 xx 000 0 und d
020 _a9780123865137
050 _aQH 505 .D36/
100 _aDavidovits, Paul
245 0 _aPhysics in biology and medicine
250 _a4th ed.
260 _aLondon
260 _bAcademic Press
260 _c2013
300 _a331 p
650 _a Biophysics. Medical physics.
942 _cBK
999 _c33576
_d33576